Word Circle (Wordscapes) - Countries of the World - Statistics

General Stats
  • This quiz has been taken 134 times
    89 since last reset
  • The average score is 7 of 11
Answer Stats
Countries % Correct
Iran
85%
Australia
70%
Austria
70%
Russia
70%
Israel
67%
Laos
67%
Nauru
67%
Tunisia
67%
Estonia
63%
Sierra Leone
59%
Eritrea
48%
No matching quizzes found
Score Distribution
Percent of People with Each Score
Percentile by Number Answered
Your Score History
You have not taken this quiz since the last reset